00340nam a2200133 a 45000010010000000030011000100080041000210350026000620820017000881000018001052450033001232600040001566500010001960000-9278ELIB.Books110520 1976  a(ELIB.Books)0000-9430 a220.66 bPat aPatte, Daniel aWhat is Structural Exegesis? bPhiladelphia; Fortress Press c1976 aBible